| 000 | 01208nam a22002897a 4500 | ||
|---|---|---|---|
| 001 | BRCA_9391 | ||
| 003 | FranzMayer | ||
| 005 | 20230918124636.0 | ||
| 008 | 230901b |||||||| |||| 00| 0 eng d | ||
| 020 | _a9786074501605 | ||
| 040 |
_aMFM _bESPAÑOL _cMFM |
||
| 050 | 0 |
_aD247.P34 _bF35 2009 |
|
| 100 | 1 |
_4Autor _aFalck Reyes, Melba _929483 |
|
| 240 |
_aEl japonés que conquistó Guadalajara _hLa historia de Juan de Páez en la Guadalajara del siglo XVII _lEspañol |
||
| 245 | 0 |
_aEl japonés que conquistó Guadalajara _bLa historia de Juan de Páez en la Guadalajara del siglo XVII |
|
| 260 |
_aJalisco, México _bUniversidad de Guadalajara _c2009 |
||
| 300 |
_a178 p _bIlustraciones a color _c25 cm |
||
| 500 | _aAnexo 1 | ||
| 500 | _aContiene una tarjeta engrapada en la primera página | ||
| 505 | _aTexto en: españolIncluye indice temáticoIncluye bibliografíaDirigido a: historiadores | ||
| 650 | 1 |
_2Historia moderna _aSiglo XVII _vEl nuevo mundo _929484 |
|
| 651 | 2 |
_2Nueva España _aGuadalajara _vJUan de Páez _929485 |
|
| 700 | 1 |
_4Autor _aPalacios, Héctor _929486 |
|
| 700 | 1 |
_4Dis. _aSegovia González, Verónica _929487 |
|
| 700 | 1 |
_4Fot _aMedina, Erandi _929488 |
|
| 942 |
_2lcc _cB |
||
| 999 |
_c11013 _d11013 |
||